000 00342nam a2200109Ia 4500
008 200302s9999 xx 000 0 und d
100 _aJone Biknell and Others ed.,
245 _aAdapting Cities to Climate Change:Understanding and Addressing the Development Challenges
260 _bEarthScan Publications Ltd.
260 _c2010
300 _a397
999 _c5372
_d5372